|
|
|
|
| LEADER |
00000nam0a2200000 4500 |
| 001 |
351709 |
| 005 |
20231102010430.0 |
| 035 |
|
|
|a (RuTPU)RU\TPU\retro\6971
|
| 035 |
|
|
|a RU\TPU\retro\6970
|
| 090 |
|
|
|a 351709
|
| 100 |
|
|
|a 20190711d1923 k y0rusy50 ca
|
| 101 |
0 |
|
|a rus
|
| 102 |
|
|
|a RU
|
| 105 |
|
|
|a a z 000zy
|
| 200 |
1 |
|
|a Материалы к познанию фауны морских ежей из меловых отложений хребта Копет-Дага Закаспийской обл.
|e [оттиск статьи]
|f М. Саркисов
|
| 210 |
|
|
|d [1923]
|
| 215 |
|
|
|a 7 с.
|c ил.
|
| 600 |
|
1 |
|a Усов
|g Михаил Антонович
|b М. А.
|c российский геолог
|c профессор Томского технологического института, академик АН СССР
|f 1883-1939
|y Томск
|2 stltpush
|3 (RuTPU)RU\TPU\pers\1941
|
| 606 |
1 |
|
|a Меловые отложения
|2 stltpush
|3 (RuTPU)RU\TPU\subj\42061
|9 61820
|
| 606 |
1 |
|
|a Морские ежи, ископаемые
|2 stltpush
|3 (RuTPU)RU\TPU\subj\44456
|9 63778
|
| 610 |
1 |
|
|a коллекция ТПУ
|
| 610 |
1 |
|
|a труды учёных ТПУ
|
| 610 |
1 |
|
|a оттиски
|
| 610 |
1 |
|
|a препарирование
|
| 610 |
1 |
|
|a окаменелости
|
| 610 |
1 |
|
|a описания
|
| 610 |
1 |
|
|a методы
|
| 610 |
1 |
|
|a сходства
|
| 610 |
1 |
|
|a различия
|
| 610 |
1 |
|
|a местонахождение
|
| 610 |
1 |
|
|a виды
|
| 610 |
1 |
|
|a распространение
|
| 675 |
|
|
|a 551.763
|v 4
|
| 675 |
|
|
|a 563.9
|v 4
|
| 700 |
|
1 |
|a Саркисов
|b М.
|
| 801 |
|
1 |
|a RU
|b 63413507
|c 20190711
|
| 801 |
|
2 |
|a RU
|b 63413507
|c 20190711
|g RCR
|
| 942 |
|
|
|c BK
|